Investigating the application of the European Spatial Development Perspective (ESDP) to regional planning in the United Kingdom (Record no. 72842)
[ view plain ]
| 000 -LEADER | |
|---|---|
| fixed length control field | 01981cam a2200289 4500 |
| 001 - CONTROL NUMBER | |
| control field | ABS66835 |
| 008 - FIXED-LENGTH DATA ELEMENTS--GENERAL INFORMATION | |
| fixed length control field | 030610n2003 000 0 eng u |
| 035 ## - SYSTEM CONTROL NUMBER | |
| System control number | (Sirsi) u122564 |
| 100 ## - MAIN ENTRY--PERSONAL NAME | |
| Personal name | Shaw, D. |
| 245 ## - TITLE STATEMENT | |
| Title | Investigating the application of the European Spatial Development Perspective (ESDP) to regional planning in the United Kingdom |
| 260 ## - PUBLICATION, DISTRIBUTION, ETC. | |
| Date of publication, distribution, etc. | 2003 |
| 490 ## - SERIES STATEMENT | |
| Series statement | Town Planning Review |
| Volume/sequential designation | 74(1) January 2003, 31-50(20) |
| 520 ## - SUMMARY, ETC. | |
| Summary, etc. | This paper considers how the emerging European spatial development policy agenda is influencing the performance of regional strategic planning in the United Kingdom. The European Spatial Development Perspective (ESDP) was agreed in 1999 as a non-binding and indicative framework intended to guide institutions in the exercise of their spatially significant competences. This paper explores the way in which and the extent to which the spatial planning policy messages and approach of the ESDP have been integrated into the planning process in England and how they have helped to inform the development of substantive objectives of regional planning policy. The research revealed considerable variation in the way that different regions had considered the European agenda and the ESDP as important contexts which can be used to inform strategy and policy development. Overall, the findings suggested that the European context and the ESDP are beginning to be accepted as important frames of reference in the production of regional planning guidance. Diagrams, table and references. [Taken from journal headnote]. |
| 590 ## - LOCAL NOTE (RLIN) | |
| Local note | ABS |
| 650 ## - SUBJECT ADDED ENTRY--TOPICAL TERM | |
| Topical term or geographic name entry element | REGIONAL PLANNING POLICY |
| 650 ## - SUBJECT ADDED ENTRY--TOPICAL TERM | |
| Topical term or geographic name entry element | REGIONAL PLANNING GUIDANCE NOTES |
| 650 ## - SUBJECT ADDED ENTRY--TOPICAL TERM | |
| Topical term or geographic name entry element | EUROPEAN SPATIAL DEVELOPMENT PERSPECTIVE |
| 650 ## - SUBJECT ADDED ENTRY--TOPICAL TERM | |
| Topical term or geographic name entry element | EUROPE |
| 650 ## - SUBJECT ADDED ENTRY--TOPICAL TERM | |
| Topical term or geographic name entry element | PPG11 |
| 650 ## - SUBJECT ADDED ENTRY--TOPICAL TERM | |
| Topical term or geographic name entry element | ENGLISH REGIONS |
| 650 ## - SUBJECT ADDED ENTRY--TOPICAL TERM | |
| Topical term or geographic name entry element | UNITED KINGDOM |
| 650 ## - SUBJECT ADDED ENTRY--TOPICAL TERM | |
| Topical term or geographic name entry element | SPATIAL PLANNING |
| 650 ## - SUBJECT ADDED ENTRY--TOPICAL TERM | |
| Topical term or geographic name entry element | STRATEGIC PLANNING |
| 690 ## - LOCAL SUBJECT ADDED ENTRY--TOPICAL TERM (OCLC, RLIN) | |
| Topical term or geographic name as entry element | Planning and development |
| 9 (RLIN) | 6259 |
| 700 ## - ADDED ENTRY--PERSONAL NAME | |
| Personal name | Sykes, O. |
| 942 ## - ADDED ENTRY ELEMENTS (KOHA) | |
| Suppress in OPAC | 0 |
| Withdrawn status | Lost status | Source of classification or shelving scheme | Damaged status | Not for loan | Home library | Current library | Shelving location | Date acquired | Total Checkouts | Full call number | Barcode | Date last seen | Copy number | Price effective from | Koha item type |
|---|---|---|---|---|---|---|---|---|---|---|---|---|---|---|---|
| Dewey Decimal Classification | London | London | Journal article | 10/06/2003 | ABS66835 | 122564-1001 | 06/08/2019 | 1 | 06/08/2019 | Journal article |